Städte und Gemeinden Österreichs A-Z - Statistiken

Allgemein
  • Dieses Quiz wurde 60 mal gespielt
  • Das Durchschnittsergebnis liegt bei 17 aus 23
Antwortstatistiken
Hinweis Antwort % Korrekt
I Hauptstadt Tirols, in der 1964 und 1976 die olympischen Winterspiele stattfanden Innsbruck
98%
S Hauptstadt eines gleichnamigen Bundeslandes, ehemalige Hauptstadt eines Fürstbistums und Heimatstadt Mozarts Salzburg
98%
G Hauptstadt der Steiermark an der Mur mit Unesco-Weltkulturerbe-Innenstadt und kommunistischer Bürgermeisterin Graz
96%
L Hauptstadt Oberösterreichs, Heimat des Fußballvereins LASK und Namensgeber einer Torte, die traditionell mit Gittermuster und Ribiselmarmelade gebacken wird Linz
96%
B Hauptstadt von Vorarlberg am Bodensee, in der ein jährliches Opernfestival auf einer Seebühne stattfindet Bregenz
94%
K Hauptstadt Kärntens am Wörthersee, Sitz eines Bistums und Ort, an dem jährlich der Ingeborg-Bachmann-Preis vergeben wird Klagenfurt am Wörthersee
94%
W Die Bewohner dieser Millionenstadt heißen wie dünne Brühwürstchen Wien
94%
D Größte Stadt Vorarlbergs, Messestadt, dessen Eishockeyverein (auch als Bulldogs bekannt) 2008 und 2010 österreichischer Meister wurde Dornbirn
91%
E Hauptstadt des Burgenlandes, Residenzstadt der Esterházy-Füsten, welche zeitweise Joseph Haydn beschäftigten Eisenstadt
87%
V Zweitgrößte Stadt in Kärnten, Heimat des sechsmaligen Eishockeymeisters EC VSV und ehemaliger Wohnort Paracelsus Villach
77%
Y Stadt im westlichen Niederösterreich, in der der gleichnamige Fluss in die Donau mündet Ybbs an der Donau
75%
A Stadt im Niederösterreichischen Mostviertel, wichtiger Eisenbahnknotenpunkt und Heimat von Josef Fritzl Amstetten
74%
F Zweitgrößte Stadt Vorarlbergs mit Schattenburg und verschiedenen Vorarlbergern Landesinstitutionen, seit 1968 Bistumsstadt Feldkirch
74%
Z Seestadt im Bundesland #S in den östlichen Kitzbüheler Alpen, welche bei Wintersporttouristen beliebt ist Zell am See
70%
M Babenbergerstadt südlich von #W in Niederösterreich, nominelle Heimat des FC Admira Wacker Mödling
68%
R Kleinstadt im oberösterreichischen Innviertel zwischen Braunau und #L, dessen SV 1998 und 2011 Fußballpokalsieger werden konnte und 2022 im Finale stand Ried im Innkreis
68%
H Touristische Gemeinde in Oberösterreich an gleichnamigen See mit steinzeitlichem Salzbergwerk, Namensgeber der europäischen Alt-Eisenzeit (800-450 v.Chr.) Hallstatt
62%
T Stadt in Oberösterreich an einem gleichnamigen Fluß, welcher bei #L in die Donau fließt, mit Wasserschloß Traun
60%
J Stadt in der Steiermark an der Mur, welche zeitweise ein weltweites Handelsmonopol für die für Parfum gebrauchte Blume Speik innehatte Judenburg
47%
N Kleinstadt im südlichem Niederösterreich an der Schwarza, welche die Heimat des ehemals größten Konzerns Österreich-Ungarns Brevellier war Neunkirchen
42%
O Kleinstadt an der Salzach an der Grenze zu Deutschland nördlich von #S, in der "Stille Nacht, Heilige Nacht" uraufgeführt wurde Oberndorf bei Salzburg
36%
P Stadt südlich von #W mit altem Wehrturm, die umgangssprachlich auch als P-dorf bekannt ist Perchtoldsdorf
32%
U Gemeinde im Tiroler Ötztal, in der sich das archäologische Museum Ötzi-Dorf befindet Umhausen
21%
Keine übereinstimmenden Quizze gefunden
Verteilung der Resultate
Anzahl Personen mit jedem Resultat
Perzentil nach korrekt beantworteten Fragen
Ihre Resultats-Entwicklung
Sie haben dieses Quiz noch nicht gespielt